000
00292nam a22001337a 4500
008
170206b xxu||||| |||| 00| 0 eng d
020
_a
9780495553403
041
_a
eng
080
_2
6ED
_a
61
100
_a
3
101
_a
SHM
245
_a
HUMAN DEVELOPMENT
_c
CAROL SIGELMAN
942
_2
udc
_c
BK
999
_c
4732
_d
4732